La necropole de Janussan (Bahrain) /

محفوظ في:

المؤلف الرئيسي: Lombard, Pierre (مؤلف)

مؤلفون آخرون: Salles, Jean-François. 1944-

التنسيق: كتاب

اللغة: French
English

منشور في: Lyon : Paris : [GIS-Maison de l'Orient ; Diffusion de Boccard], 1984.

سلاسل: Travaux de la Maison de l'Orient ; 6.

الموضوعات:

الوسوم: إضافة وسم

لا توجد وسوم, كن أول من يضع وسما على هذه التسجيلة!

رقم الطلب: DS247 .B23 L65 1984

LEADER 01401namaa2200349 4500
001 21815
003 OSt
005 20211215113844.0
008 130303s1984 fr af g b 000 0 fre d
952 |0 0  |1 0  |2 lcc  |4 0  |6 DS0247 B23 L65 01984  |7 1  |9 23827  |a ARCE  |b ARCE  |d 2021-12-15  |l 0  |o DS247 .B23 L65 1984  |p 1014640  |r 2021-12-15 00:00:00  |w 2021-12-15  |y BK 
999 |c 21435  |d 21435 
010 |a 85104140 
020 |a 290326435x 
040 |c ARCE Library 
041 0 |a eng  |a fre 
043 |a a-ba--- 
050 4 |a DS247 .B23 L65 1984 
100 1 |a Lombard, Pierre,  |e author  |9 34879 
245 1 3 |a La necropole de Janussan (Bahrain) /   |c Pierre Lombard et Jean-François Salles, avec des contributions de Béatrice André-Leicknam ... [et al.] ; plans et dessins de Jean Gire, Jean-Paul Boulanger et Geneviève Renisio. 
264 1 |a Lyon :   |b [GIS-Maison de l'Orient ;   |a Paris :   |b Diffusion de Boccard],   |c 1984.  
300 |a 185 pages, xxxi pages of plates :   |b illustrations ;   |c 30 cm.  
490 1 |a Travaux de la Maison de l'Orient ;   |v 6. 
504 |a Bibliography : pages 148-150.  
546 |a Text in English and French. 
555 |a wafaa.lib 
650 0 |a Tombs  |z Bahrain 
650 0 |a Excavations (Archaeology)  |z Bahrain.  
651 0 |a Bahrain  |x Antiquities.  
700 1 |a Salles, Jean-François.   |d 1944-  
830 0 |a Travaux de la Maison de l'Orient ;   |v 6. 
901 |a reviewed 
942 |c BK  |2 lcc